Score 0/7 Timer 03:00
2 Plays Today
Question Answer Wrong Answers
This iconic building opens in New York City.
1931
Empire State Building
94.4%
Woolworth Building
1.5%
Bank of America Tower
0.7%
New York City Hall
1%
This cartoon series, about a character who lives in a pineapple under the sea, first airs on Nickelodeon.
1999
SpongeBob SquarePants
94%
Hey Arnold!
1%
CatDog
0.6%
KaBlam!
1.2%
This baseball player, known as the 'Great Bambino', hits the first of over 650 HR's as a Yankee.
1920
Babe Ruth
84.7%
Joe DiMaggio
8.6%
Lou Gehrig
2.5%
Mickey Mantle
2.5%
Frontierswoman and professional scout Martha Jane Canary is born. She is better known by what name?
1852
Calamity Jane
67.1%
Annie Oakley
28.9%
Belle Starr
2.2%
Josephine Earp
1.8%
Fidel Castro, the Prime Minister of Cuba, proclaims Cuba as a socialist nation and abolishes ______.
1961
Elections
66.2%
Catholic Churches
10.8%
Private Newspapers
15.6%
Tourists
4.5%
In what becomes known as the ‘______’ speech, US President George W. Bush declares that all ‘major combat operations in Iraq have ended’ while aboard the USS Abraham Lincoln.
2003
Mission Accomplished
61.7%
Victory
11.7%
Iraqi Freedom
14.7%
Job Well-Done
8.5%
Rallies are held throughout the United States demanding this. Today, May 1st is celebrated as International Workers’ Day in commemoration of the Haymarket affair that followed these protests.
1886
8-Hour Work Day
49.4%
Maternity Leave
2.7%
Child Labor Restrictions
18.2%
A Minimum Wage
29%
Remove Ads.
Support Sporcle.
Get the best of Sporcle when you Go Orange. This ad-free experience offers more features, more stats, and more fun while also helping to support Sporcle. Thank you for becoming a member.

You're not logged in!

Compare scores with friends on all Sporcle quizzes.
OR
Log In

Sporcle TV

Today on Sporcle TV


Watch our educational content, quiz creation guides, and fun videos on Sporcle TV.

Show Comments

Extras

Top Quizzes Today


Score Distribution

Paid Content

Your Account Isn't Verified!

In order to create a playlist on Sporcle, you need to verify the email address you used during registration. Go to your Sporcle Settings to finish the process.

Report this User

Report this user for behavior that violates our Community Guidelines.

Details: